| 000 | 00717nam a22001937a 4500 | ||
|---|---|---|---|
| 005 | 20251108165953.0 | ||
| 008 | 250721s1995 xx 000 0 ara d | ||
| 082 | 1 | 4 | _aط/ق/أسع |
| 100 | 1 | _aالحاج محمد، أسعد عبد الله | |
| 245 | 1 | 0 |
_aمع العم أبو فريد في حكايات البسباسي : _bأخ يا راسي / |
| 264 | 1 |
_aنابلس : _bالدار الوطنية للترجمة و الطباعة النشر و التوزيع، _c1995. |
|
| 300 | _a19ص | ||
| 490 | 0 | _aالسلسلة القصصية للأطفال ؛ 1 | |
| 650 | 1 | 7 | _aالقصص العربية |
| 650 | 1 | 7 | _aالأدب العربي |
| 650 | 1 | 7 | _aأدب الأطفال |
| 942 |
_2ddc _cBK |
||
| 999 |
_c36253 _d36253 |
||